Основні аспекти розвитку пам'яткоохоронної діяльності на Західній Волині в загальнодержавному контексті (Запис № 578442)

МАРК-запис
000 -Лідер
fixed length control field 00888naa a2200205 4500
001 - Контрольний номер
control field 2162214035925887
003 - Ідентифікатор контрольного номера
control field UA-OsUOA
005 - Дата та час останнього входження (трансакції)
control field 20250403150429.0
008 - Елементи даних фіксованої довжини – загальна інформація
fixed length control field 250403b un ||||| |||| 00| 0 ukr d
040 ## - Джерело каталогізації
Агенція оригінальної каталогізації UA-OsUOA
Мова каталогізації ukr
Агенція, яка здійснювала перезапис UA-OsUOA
Агенція, яка здійснювала модифікацію UA-OsUOA
041 ## - Код мови
Код мови тексту/ звукової доріжки чи окремого заголовка (П) ukr
080 ## - Індекс Універсальної десяткової класифікації
Індекс Універсальної десяткової класифікації (УДК) (НП) 908
090 ## - Локальний шифр розміщення
Класифікаційний індекс УДК 908
100 ## - Основне введення – ім’я особи
Ім’я особи (НП) Михальчук О.
9 (RLIN) 19616
245 ## - Відомості про назву
Назва (НП) Основні аспекти розвитку пам'яткоохоронної діяльності на Західній Волині в загальнодержавному контексті
Дані про відповідальність (НП) Ольга Михайлишин
300 ## - Фізичний опис
Обсяг С. 275–283
650 ## - Додаткове предметне введення – тематичний термін
Джерело заголовка чи терміна UDC
773 0# - Введення хост-одиниці (П)
Бібліонома 578333
Host Itemnumber 475063
Заголовок основного введення Михайлишин О.
Місце, видавець та дата видання (НП) Рівне Дятлик М. 2013
Інший ідентифікатор одиниці опису 168293
Назва (НП) Архітектура і містобудування Західної Волині 1921–1939 років
Міжнародний стандартний книжковий номер (ISBN) 9786175151181
942 ## - Додаткові елементи входу (Коха)
Source of classification or shelving scheme Universal Decimal Classification
Тип елемента Koha Складова частина документа

Немає доступних примірників.